|
|
|
|
| LEADER |
01173nam a2200277 a 4500 |
| 001 |
0016919 |
| 003 |
BD-DhAAL |
| 008 |
090826s2003 xxu f 000 0 eng d |
| 020 |
|
|
|a 9780194387545
|
| 040 |
|
|
|a BD-DhAAL
|c BD-DhAAL
|
| 082 |
0 |
0 |
|a 428.34
|2 22
|
| 100 |
1 |
|
|a Soars, Liz
|
| 245 |
1 |
0 |
|a New Headway :
|b intermediate workbook with key /
|c Liz and John Soars.
|
| 250 |
|
|
|a Third edition.
|
| 260 |
|
|
|a Oxford :
|b Oxford University Press,
|c 2003.
|
| 300 |
|
|
|a 96 s. :
|b ill. ;
|c 28 cm
|
| 526 |
|
|
|a EL-Pro
|x Shadia Alam
Senior Manager, HRD of BRAC University.
|
| 541 |
1 |
|
|e 00016919
|a Friends' Book Corner
|
| 650 |
|
0 |
|a English language
|x Spoken English
|x Study and teaching.
|
| 650 |
|
0 |
|a English language
|x Sound recordings for foreign speakers.
|
| 650 |
|
0 |
|a English language
|x Study and teaching.
|
| 700 |
1 |
|
|a Soars, John
|
| 852 |
4 |
|
|a Ayesha Abed Library
|c General Stacks
|
| 942 |
|
|
|2 ddc
|c BK
|
| 999 |
|
|
|c 3564
|d 3564
|
| 952 |
|
|
|0 0
|1 0
|2 ddc
|4 0
|6 428_340000000000000_SOA_2003
|7 0
|9 3236
|a BRACUL
|b BRACUL
|c GEN
|d 2009-09-02
|e Friends' Book Corner
|g 490.00
|l 3
|m 5
|o 428.34 SOA
|p 3010016919
|r 2013-02-01
|s 2012-11-28
|t 1
|v 980.00
|w 2009-09-02
|y BK
|x Requisitioned by Shadia Alam, Senior manager, HRD
|